Normal view MARC view

Entry Nome pessoal

Number of records used in: 1

001 - NÚMERO DE CONTROLE

  • campo de controle: 648

003 - IDENTIFICADOR DO NÚMERO DE CONTROLE

  • campo de controle: Br

005 - DATA E HORÁRIO DA ÚLTIMA TRANSAÇÃO

  • campo de controle: 20250326151425.0

008 - CAMPO DE DADOS FIXOS

  • campo de controle de tamanho fixo: 990616|| acnnnaab| aaaa

035 ## - NÚMERO DE CONTROLE DO SISTEMA

  • Número de Controle do Sistema: 99061615154213E40

040 ## - FONTE DA CATALOGAÇÃO

  • Instituição da catalogação original: Br
  • Instituição que transcreveu o registro: Br

100 1# - CABEÇALHO--NOME PESSOAL

  • Nome pessoal: Sartre, Jean-Paul,
  • Datas associadas ao nome: 1905-1980

400 1# - REMISSIVA VER--NOME PESSOAL

  • Nome pessoal: Sartre, Jean-Paul Charles Aymard
  • Datas associadas ao nome: 1905-1980

400 1# - REMISSIVA VER--NOME PESSOAL

  • Nome pessoal: Aymard Sartre, Jean-Paul Charles
  • Datas associadas ao nome: 1905-1980

670 ## - FONTE POSITIVA DOS DADOS

  • Citação da fonte positiva dos dados: Autor de: Le mur. 1947.

670 ## - FONTE POSITIVA DOS DADOS

  • Citação da fonte positiva dos dados: Em: Bristol, Brian. Por que amamos ler?... 2008
  • Dados encontrados na fonte localizada no subcampo: (p. 99: filósofo existencialista, dramaturgo, crítico e romancista francês; D.)

670 ## - FONTE POSITIVA DOS DADOS

  • Citação da fonte positiva dos dados: http://catalogue.bnf.fr 23/8/2013
  • Dados encontrados na fonte localizada no subcampo: (escritor e filósofo francês; D.)

670 ## - FONTE POSITIVA DOS DADOS

  • Citação da fonte positiva dos dados: http://authorities.loc.gov
  • Dados encontrados na fonte localizada no subcampo: (nasceu no dia 21 de junho de 1905, em Paris e faleceu no dia 15 de abril de 1980; rems.)

670 ## - FONTE POSITIVA DOS DADOS

  • Citação da fonte positiva dos dados: http://en.wikipedia.org/wiki/Jean-Paul_Sartre
  • Dados encontrados na fonte localizada no subcampo: (foi um filósofo, escritor e crítico francês, conhecido como representante do existencialismo; D.)

Powered by Koha